| Tag |
First Indicator |
Second Indicator |
Subfields |
| LEADER |
00000cam a2200000 a 4500 |
| 001 |
in00001819621 |
| 005 |
20151026054021.0 |
| 008 |
040414s2005 enk b 001 0 eng |
| 015 |
|
|
|a GBA446801
|2 bnb
|
| 016 |
7 |
|
|a 012941919
|2 Uk
|
| 020 |
|
|
|a 071234831X
|
| 035 |
|
|
|a (OCoLC)ocm56645706
|
| 040 |
|
|
|a UKM
|c UKM
|d BWKUK
|d BAKER
|d UMC
|d MBB
|d TXA
|d UtOrBLW
|
| 042 |
|
|
|a ukblsr
|
| 049 |
|
|
|a TXAM
|
| 050 |
|
4 |
|a Z2014.P7
|b B655 2005
|
| 082 |
0 |
4 |
|a 016.8211
|2 22
|
| 100 |
1 |
|
|a Boffey, Julia.
|
| 245 |
1 |
2 |
|a A new index of Middle English verse /
|c Julia Boffey and A.S.G. Edwards.
|
| 264 |
|
1 |
|a London :
|b British Library,
|c 2005.
|
| 300 |
|
|
|a xvi, 344 pages ;
|c 29 cm.
|
| 336 |
|
|
|a text
|b txt
|2 rdacontent
|
| 337 |
|
|
|a unmediated
|b n
|2 rdamedia
|
| 338 |
|
|
|a volume
|b nc
|2 rdacarrier
|
| 504 |
|
|
|a Includes bibliographical references.
|
| 650 |
|
0 |
|a English poetry
|y Middle English, 1100-1500
|v Indexes.
|
| 700 |
1 |
|
|a Edwards, A. S. G.
|q (Anthony Stockwell Garfield),
|d 1942-
|
| 710 |
2 |
|
|a British Library.
|
| 948 |
|
|
|a cataloged
|b h
|c 2006/2/17
|d c
|e jgreene
|f 5:06:46 pm
|
| 994 |
|
|
|a C0
|b TXA
|
| 999 |
|
|
|a MARS
|
| 999 |
f |
f |
|s cb1c9fc4-9a47-3449-a2be-6d6fce7ae18d
|i b1a2dcda-c336-3a36-9302-6ffaa78b4cb4
|t 0
|
| 952 |
f |
f |
|p normal
|a Texas A&M University
|b College Station
|c Sterling C. Evans Library
|d Evans: Library Stacks
|t 0
|e Z2014.P7 B655 2005
|h Library of Congress classification
|i unmediated -- volume
|m A14833555950
|
| 998 |
f |
f |
|a Z2014.P7 B655 2005
|t 0
|l Evans: Library Stacks
|